000 00646cam a22002293a 4500
001 11297
003 PGUSA
005 20140828083235.0
008 040201s2004||||xxu|||||s|||||000 | eng d
040 _aPGUSA
_beng
042 _adc
050 4 _aDT
100 1 _aBuffa, John,
_d-1812
245 1 0 _aTravels through the Empire of Morocco
_h[electronic resource] /
_cJohn Buffa
260 _bProject Gutenberg,
_c2004
506 _aPublic domain in the USA.
516 _aElectronic text
653 _aMorocco -- Description and travel
830 0 _aProject Gutenberg
_v11297
856 4 0 _uhttp://www.gutenberg.org/ebooks/11297
942 _cEB
999 _c240552
_d240552